[Event "Irish Championship 2009"]
[Site "Dublin IRL"]
[Date "2009.07.09"]
[Round "6"]
[White "Murray, David"]
[Black "Babei, Angelica"]
[Result "1/2-1/2"]
[WhiteElo "1981"]
[BlackElo "2015"]
[WhiteICU "2032"]
[WhiteClub "Gonzaga"]
[WhiteNationality "IRL"]
[BlackNationality "MDA"]
[WhiteFideId "2501511"]
[BlackFideId "13902598"]
[PlyCount "114"]
[EventDate "2009.07.04"]

{ Annotator: David Murray (see source). } { Source: <a
href="https://forumserver.twoplustwo.com/showpost.php?p=11758225&postcount=34">Post
by David Murray</a>, Two Plus Two Poker Forums web site, July 9, 2009. } {
Event information: <a
href="https://www.irlchess.com/irlch2009_allfiles/pairings_irlch2009.html">Tournament
report</a>. }

1. e4 c6 2. d4 d5 3. exd5 cxd5 4. c4 Nf6 5. Nc3 g6 6. Bg5 Nbd7 7. Nf3 Bg7
8. cxd5 O-O 9. d6 exd6 10. Be2 Qb6 11. Qd2 d5 12. Bf4 Re8 13. Ne5 a6 14.
O-O Qd8 15. Bf3 Nb6 16. b3 Bf5 17. Rfe1 Rc8 18. Rac1 Re7 19. a4 Ne4 20. Qb2
Nxc3 21. Rxc3 Rxc3 22. Qxc3 Be6 23. Qa5 Re8 24. Rc1 g5 25. Bg3 Nd7 26. Qxd8
Rxd8 27. Nxd7 Rxd7 28. Rc8+ Bf8 29. Be5 f5 30. Bh5 Bf7 31. Be2 Be6 32. b4
g4 33. b5 axb5 34. Bxb5 Re7 35. Rb8 Bd7 36. Rxb7 Bxb5 37. Rxe7 Bxe7 38.
axb5 Bd8 39. Bd6 Kf7 40. Kf1 Ke6 41. Bc5 Kd7 42. Ke2 Bg5 43. Kd3 h5 44. Kc3
Bh6 45. Kb4 Bd2+ 46. Ka4 Bc3 47. Kb3 Bd2 48. h3 gxh3 49. gxh3 Be1 50. f3
Bd2 51. Kc2 Bg5 52. Kd3 Bf4 53. Ke2 Bg5 54. Kf1 Be3 55. Kg2 Bg5 56. Kg3 Kc7
57. h4 Be3 1/2-1/2

[Event "Irish Championship 2009"]
[Site "Dublin IRL"]
[Date "2009.07.09"]
[Round "6"]
[White "Quinn, Mark"]
[Black "O'Connell, Gerard"]
[Result "1-0"]
[WhiteTitle "IM"]
[WhiteElo "2404"]
[BlackElo "2121"]
[WhiteICU "2340"]
[BlackICU "2119"]
[WhiteClub "Kilkenny"]
[BlackClub "St. Benildus"]
[WhiteNationality "IRL"]
[BlackNationality "IRL"]
[WhiteFideId "2500450"]
[BlackFideId "2500493"]
[PlyCount "75"]
[EventDate "2009.07.04"]

{ Event information: <a
href="https://www.irlchess.com/irlch2009_allfiles/pairings_irlch2009.html">Tournament
report</a>. }

1. d4 Nf6 2. c4 g6 3. Nc3 d5 4. Bf4 Bg7 5. e3 O-O 6. Nf3 c5 7. dxc5 Qa5 8.
Nd2 Ne4 9. cxd5 Nxc3 10. bxc3 Bxc3 11. Rc1 Bf5 12. f3 Bb2 13. Rc4 b5 14.
cxb6 axb6 15. Be2 b5 16. Rc5 Bc3 17. a4 Bxd2+ 18. Qxd2 Qxd2+ 19. Kxd2 bxa4
20. Ra1 Nd7 21. Rb5 Nf6 22. e4 Bd7 23. Rb7 Rfd8 24. Bc7 Re8 25. Be5 Bc8 26.
Rb4 Bd7 27. Ra3 Ra5 28. Bc3 Rea8 29. Rb2 R5a7 30. Bd4 Rc7 31. d6 Rc6 32.
dxe7 Re8 33. Rxa4 Rxe7 34. Ra8+ Ne8 35. Rb7 Kf8 36. Raa7 Rd6 37. Kc3 Rc6+
38. Kb4 1-0

[Event "Irish Championship 2009"]
[Site "Dublin IRL"]
[Date "2009.07.09"]
[Round "6"]
[White "Redmond, John P."]
[Black "MacElligott, Gerard"]
[Result "1-0"]
[WhiteElo "2193"]
[BlackElo "2115"]
[BlackICU "1963"]
[WhiteClub "Atticus ENG"]
[BlackClub "Elm Mount"]
[WhiteNationality "IRL"]
[BlackNationality "IRL"]
[WhiteFideId "2500051"]
[BlackFideId "2500647"]
[PlyCount "71"]
[EventDate "2009.07.04"]

{ Event information: <a
href="https://www.irlchess.com/irlch2009_allfiles/pairings_irlch2009.html">Tournament
report</a>. }

1. c4 g6 2. Nc3 c5 3. Nf3 Bg7 4. g3 Nc6 5. Bg2 e5 6. d3 Nge7 7. Nd2 d6 8.
Nf1 O-O 9. Ne3 Rb8 10. O-O h6 11. Bd2 a6 12. a4 Bd7 13. Rb1 Nb4 14. Ncd5
Nbxd5 15. cxd5 b5 16. axb5 axb5 17. b4 cxb4 18. Nc2 Qb6 19. Nxb4 Rfc8 20.
Qb3 Nf5 21. e3 Ne7 22. Rfc1 Qb7 23. h3 Bf8 24. Kh2 Ra8 25. Rxc8 Rxc8 26. e4
Ra8 27. Be3 Ra4 28. d4 exd4 29. Bxd4 Bg7 30. Bxg7 Kxg7 31. e5 dxe5 32. d6
Nc6 33. Qc3 Rxb4 34. Rxb4 f6 35. Qc5 Qb8 36. Bxc6 1-0

[Event "Irish Championship 2009"]
[Site "Dublin IRL"]
[Date "2009.07.09"]
[Round "6"]
[White "Daly, Colm"]
[Black "Atlas, Valeri"]
[Result "1-0"]
[WhiteTitle "FM"]
[BlackTitle "IM"]
[WhiteElo "2308"]
[BlackElo "2428"]
[WhiteICU "2264"]
[WhiteClub "Bray/Greystones"]
[WhiteNationality "IRL"]
[BlackNationality "AUT"]
[WhiteFideId "2500434"]
[BlackFideId "12000035"]
[PlyCount "153"]
[EventDate "2009.07.04"]

{ Event information: <a
href="https://www.irlchess.com/irlch2009_allfiles/pairings_irlch2009.html">Tournament
report</a>. }

1. e4 c5 2. Nf3 e6 3. d4 cxd4 4. Nxd4 Nf6 5. Nc3 d6 6. g4 h6 7. h4 Nc6 8.
Rg1 d5 9. Bb5 Bd7 10. exd5 Nxd5 11. Nxd5 exd5 12. Be3 Qc7 13. Qd2 O-O-O 14.
O-O-O Bb4 15. Qd3 Rhe8 16. Bxc6 bxc6 17. Nb3 Bd6 18. Qa6+ Kb8 19. Na5 Bb4
20. Nb3 Ka8 21. Rd4 Bc8 22. Qa4 Bd6 23. Rgd1 Re7 24. Bd2 Rde8 25. Ba5 Qb7
26. Bb4 Bxb4 27. Rxb4 Qa6 28. Qxa6 Bxa6 29. Nc5 Bc8 30. b3 g5 31. hxg5 hxg5
32. Rd3 f5 33. gxf5 Bxf5 34. Rc3 Bc8 35. Kb2 g4 36. Nd3 Re4 37. Rxc6 Rxb4
38. Nxb4 Kb7 39. Rf6 Be6 40. Kc3 Kc7 41. Kd4 Kd7 42. Nxd5 Bxd5 43. Kxd5 Re2
44. Rf7+ Kd8 45. Rxa7 Rxc2 46. a4 Rxf2 47. Rg7 Rf4 48. Kc5 Kc8 49. b4 Rf5+
50. Kc6 Rf6+ 51. Kb5 Rf5+ 52. Ka6 Rf4 53. Ka5 Rf5+ 54. b5 Rf4 55. b6 g3 56.
Kb5 g2 57. Rxg2 Kb7 58. Rg7+ Kb8 59. a5 Rf5+ 60. Ka6 Rf8 61. Rb7+ Ka8 62.
Rc7 Kb8 63. Kb5 Rf1 64. Rc4 Rb1+ 65. Rb4 Rf1 66. a6 Rf5+ 67. Ka4 Rf1 68.
Re4 Ra1+ 69. Kb5 Rb1+ 70. Kc5 Rc1+ 71. Kd4 Rd1+ 72. Ke3 Rd8 73. Re7 Ka8 74.
Ke4 Kb8 75. Ke5 Ka8 76. Ke6 Kb8 77. Kf7 1-0

[Event "Irish Championship 2009"]
[Site "Dublin IRL"]
[Date "2009.07.10"]
[Round "7"]
[White "Babei, Angelica"]
[Black "Moran, Stephen"]
[Result "0-1"]
[WhiteElo "2015"]
[BlackElo "1989"]
[BlackICU "2004"]
[BlackClub "T.C.D."]
[WhiteNationality "MDA"]
[BlackNationality "IRL"]
[WhiteFideId "13902598"]
[BlackFideId "2501872"]
[PlyCount "134"]
[EventDate "2009.07.04"]

{ Event information: <a
href="https://www.irlchess.com/irlch2009_allfiles/pairings_irlch2009.html">Tournament
report</a>. }

1. e4 e6 2. d4 d5 3. Nc3 Bb4 4. exd5 exd5 5. Bd3 c6 6. Qf3 Nf6 7. h3 O-O 8.
Ne2 Nbd7 9. O-O Re8 10. Ng3 Nf8 11. a3 Be7 12. Re1 g6 13. Nce2 Ne6 14. c3
h5 15. Nf4 Ng5 16. Qd1 h4 17. Nf1 Nge4 18. Nd2 Bf5 19. f3 Ng3 20. Bxf5 Nxf5
21. Nd3 Bd6 22. Ne5 Nh5 23. Nf1 Kg7 24. Ne3 Nhg3 25. N3g4 f6 26. Nd3 Rxe1+
27. Qxe1 Qd7 28. Be3 Re8 29. Qd2 Nxe3 30. Nxe3 b6 31. Re1 Bc7 32. Ng4 Nf5
33. Rxe8 Qxe8 34. Qe1 Qxe1+ 35. Nxe1 Kf7 36. Nd3 Bd6 37. b4 Ke6 38. Kf2
Bg3+ 39. Ke2 Bc7 40. f4 Ng3+ 41. Kd2 Ne4+ 42. Kc2 Nd6 43. a4 Nc4 44. Kb3
Kf5 45. b5 Bd6 46. Nb4 Na5+ 47. Kc2 cxb5 48. Nxd5 bxa4 49. Ndxf6 Bxf4 50.
Nd5 Bd6 51. Kb2 b5 52. Nf2 Nc4+ 53. Ka2 Ke6 54. Nb4 Bxb4 55. cxb4 Kd5 56.
Nd3 Kxd4 57. Nf4 Ne5 58. Ka3 Kc3 59. Nd5+ Kc4 60. Nc7 Nd3 61. Ne8 a6 62.
Nd6+ Kd5 63. Ne8 Nf4 64. Nc7+ Kc6 65. Nxa6 Ne6 66. Nb8+ Kc7 67. Na6+ Kb7
0-1

[Event "Irish Championship 2009"]
[Site "Dublin IRL"]
[Date "2009.07.10"]
[Round "7"]
[White "Brady, Stephen"]
[Black "Redmond, John P."]
[Result "1-0"]
[WhiteTitle "FM"]
[WhiteElo "2384"]
[BlackElo "2193"]
[WhiteICU "2363"]
[WhiteClub "Phibsboro"]
[BlackClub "Atticus ENG"]
[WhiteNationality "IRL"]
[BlackNationality "IRL"]
[WhiteFideId "2500124"]
[BlackFideId "2500051"]
[PlyCount "81"]
[EventDate "2009.07.04"]

{ Event information: <a
href="https://www.irlchess.com/irlch2009_allfiles/pairings_irlch2009.html">Tournament
report</a>. }

1. e4 e6 2. d3 d5 3. Qe2 Nf6 4. Nf3 Be7 5. g3 c5 6. Bg2 Nc6 7. O-O b5 8.
Re1 Bb7 9. h4 a5 10. e5 Nd7 11. c4 bxc4 12. dxc4 Ba6 13. Na3 Rc8 14. Bf4
Nb6 15. b3 Nb4 16. Rad1 a4 17. Nd2 axb3 18. axb3 Qc7 19. h5 g5 20. hxg6
hxg6 21. Nf3 Rd8 22. Bg5 Rh5 23. Bxe7 Qxe7 24. Nh2 Kf8 25. Bf3 Rh8 26. Ng4
Kg7 27. Kg2 Qg5 28. Rh1 d4 29. Be4 N6d5 30. Qf3 f5 31. exf6+ Nxf6 32. Nxf6
Qxf6 33. Qg4 e5 34. Rxh8 Rxh8 35. Qd7+ Qf7 36. Qd6 Bc8 37. Qxe5+ Qf6 38.
Qc7+ Qf7 39. Qxc5 Bh3+ 40. Kg1 Rb8 41. Qe5+ 1-0

[Event "Irish Championship 2009"]
[Site "Dublin IRL"]
[Date "2009.07.10"]
[Round "7"]
[White "Loughran, John"]
[Black "Murray, David"]
[Result "0-1"]
[WhiteElo "1939"]
[BlackElo "1981"]
[WhiteICU "1675"]
[BlackICU "2032"]
[WhiteClub "Elm Mount"]
[BlackClub "Gonzaga"]
[WhiteNationality "IRL"]
[BlackNationality "IRL"]
[WhiteFideId "2501562"]
[BlackFideId "2501511"]
[PlyCount "100"]
[EventDate "2009.07.04"]

{ Annotator: David Murray (see source). } { Source: <a
href="https://forumserver.twoplustwo.com/showpost.php?p=11775664&postcount=40">Post
by David Murray</a>, Two Plus Two Poker Forums web site, July 10, 2009. } {
Event information: <a
href="https://www.irlchess.com/irlch2009_allfiles/pairings_irlch2009.html">Tournament
report</a>. }

1. e4 e6 2. d4 d5 3. e5 c5 4. c3 Qb6 5. Nf3 Bd7 6. Be2 Bb5 7. O-O Bxe2 8.
Qxe2 Qa6 9. Qd1 Nd7 10. Nbd2 Ne7 11. Nb3 Nc6 12. Ng5 h6 13. Qh5 g6 14. Qh3
cxd4 15. Nxe6 fxe6 16. Qxe6+ Ne7 17. Qxa6 bxa6 18. cxd4 Rc8 19. Bd2 Kf7 20.
Rac1 Bg7 21. Rfe1 Ke6 22. f4 h5 23. g3 Rxc1 24. Rxc1 Rc8 25. Rxc8 Nxc8 26.
Kf2 Bf8 27. h3 Ndb6 28. Nc5+ Bxc5 29. dxc5 Na4 30. b4 a5 31. c6 axb4 32.
Bxb4 Ne7 33. c7 Nb6 34. g4 hxg4 35. hxg4 Nec8 36. Ke3 Na8 37. Ba5 Ncb6 38.
Bxb6 Nxb6 39. Kd4 Kd7 40. f5 gxf5 41. gxf5 Kxc7 42. Kc5 Kd7 43. Kd4 Kc6 44.
a3 a5 45. f6 Nd7 46. f7 Nf8 47. Kd3 Kc5 48. a4 Ne6 49. Kc3 d4+ 50. Kd3 Kd5
0-1

[Event "Irish Championship 2009"]
[Site "Dublin IRL"]
[Date "2009.07.11"]
[Round "8"]
[White "Delaney, John"]
[Black "Daly, Colm"]
[Result "0-1"]
[WhiteTitle "FM"]
[BlackTitle "FM"]
[WhiteElo "2227"]
[BlackElo "2308"]
[WhiteICU "2236"]
[BlackICU "2264"]
[WhiteClub "Rathmines"]
[BlackClub "Bray/Greystones"]
[WhiteNationality "IRL"]
[BlackNationality "IRL"]
[WhiteFideId "2500060"]
[BlackFideId "2500434"]
[PlyCount "80"]
[EventDate "2009.07.04"]

{ Event information: <a
href="https://www.irlchess.com/irlch2009_allfiles/pairings_irlch2009.html">Tournament
report</a>. }

1. e4 c5 2. Nf3 e6 3. d4 cxd4 4. Nxd4 a6 5. Nc3 Nc6 6. Nxc6 bxc6 7. Bd3 d5
8. O-O Nf6 9. Re1 Be7 10. e5 Nd7 11. Qg4 g6 12. Bh6 Rb8 13. Na4 Rb4 14. c4
Rxa4 15. a3 dxc4 16. Be4 Qc7 17. Qh3 Bf8 18. Bd2 Nc5 19. Bc2 Nb3 20. Rad1
Bg7 21. Bc3 O-O 22. Re4 Rd8 23. Rde1 Qb6 24. Qg3 c5 25. h4 Bb7 26. Rf4 Qc6
27. h5 Nd4 28. Bd1 Rd7 29. Qh2 Nf5 30. Bc2 Rd3 31. g4 Nd4 32. Bxd4 Rxd4 33.
f3 c3 34. b4 Rxf4 35. Qxf4 Rxa3 36. Be4 Qb6 37. Rd1 cxb4+ 38. Kh1 c2 39.
Rd7 Ra1+ 40. Kh2 Qg1+ 0-1

[Event "Irish Championship 2009"]
[Site "Dublin IRL"]
[Date "2009.07.11"]
[Round "8"]
[White "Redmond, John P."]
[Black "Hegarty, Sarah N."]
[Result "1/2-1/2"]
[WhiteElo "2193"]
[BlackElo "2098"]
[WhiteClub "Atticus ENG"]
[WhiteNationality "IRL"]
[BlackNationality "ENG"]
[WhiteFideId "2500051"]
[BlackFideId "2501465"]
[PlyCount "81"]
[EventDate "2009.07.04"]

{ Event information: <a
href="https://www.irlchess.com/irlch2009_allfiles/pairings_irlch2009.html">Tournament
report</a>. }

1. c4 Nf6 2. Nc3 d5 3. cxd5 Nxd5 4. Nf3 g6 5. Qa4+ Bd7 6. Qh4 e6 7. Nxd5
exd5 8. Qd4 f6 9. Qxd5 Nc6 10. e3 Qe7 11. Qb3 O-O-O 12. a3 g5 13. h3 h5 14.
Be2 Bg7 15. Qc2 g4 16. Nh4 gxh3 17. gxh3 Nd4 18. exd4 Rhe8 19. Qd3 Bc6 20.
Nf5 Qf7 21. f3 Bd5 22. b3 Bxb3 23. Kf2 Bf8 24. Bb2 Kb8 25. Rac1 Re6 26. Ne3
Re7 27. Rhg1 Rde8 28. Qf5 Bh6 29. Rc3 Bg5 30. d5 Bxd5 31. Rxg5 fxg5 32.
Qxg5 Be6 33. Rc1 Bxh3 34. Bc4 Qh7 35. Qg3 Bc8 36. Bf6 Rd7 37. Bc3 h4 38.
Qh2 Rd6 39. Bb4 Rc6 40. Rc3 h3 41. Bb5 1/2-1/2

[Event "Irish Championship 2009"]
[Site "Dublin IRL"]
[Date "2009.07.11"]
[Round "8"]
[White "Short, Philip"]
[Black "Fairbairn, Stephen"]
[Result "1-0"]
[WhiteTitle "FM"]
[WhiteElo "2309"]
[BlackElo "2073"]
[WhiteICU "2265"]
[WhiteNationality "IRL"]
[BlackNationality "CAN"]
[WhiteFideId "2500086"]
[BlackFideId "2603985"]
[PlyCount "70"]
[EventDate "2009.07.04"]

{ Event information: <a
href="https://www.irlchess.com/irlch2009_allfiles/pairings_irlch2009.html">Tournament
report</a>. }

1. d4 d6 2. e4 g6 3. Nf3 Bg7 4. Bd3 c6 5. O-O Bg4 6. c3 Nd7 7. Nbd2 Ngf6 8.
h3 Bxf3 9. Nxf3 e5 10. dxe5 dxe5 11. Be3 O-O 12. Qc2 Qc7 13. Rfd1 h6 14.
Rd2 a5 15. a4 Rfb8 16. Bc4 b5 17. Ba2 Nb6 18. Bxb6 Rxb6 19. Rad1 Rab8 20.
b4 bxa4 21. bxa5 Ra6 22. Qxa4 Rxa5 23. Qc4 Rba8 24. Bb3 Ra1 25. Kh2 Rxd1
26. Rxd1 Ra7 27. Rd3 Nh5 28. Ba4 Nf4 29. Rd2 Qb6 30. Qxc6 Qxc6 31. Bxc6 Rc7
32. Rd8+ Kh7 33. Be8 Ne2 34. c4 Rxc4 35. Bxf7 Rc7 1-0

[Event "Irish Championship 2009"]
[Site "Dublin IRL"]
[Date "2009.07.12"]
[Round "9"]
[White "MacElligott, Gerard"]
[Black "Murray, David"]
[Result "1-0"]
[WhiteElo "2115"]
[BlackElo "1981"]
[WhiteICU "1963"]
[BlackICU "2032"]
[WhiteClub "Elm Mount"]
[BlackClub "Gonzaga"]
[WhiteNationality "IRL"]
[BlackNationality "IRL"]
[WhiteFideId "2500647"]
[BlackFideId "2501511"]
[PlyCount "95"]
[EventDate "2009.07.04"]

{ Annotator: David Murray (see source). } { Source: <a
href="https://forumserver.twoplustwo.com/showpost.php?p=11808615&postcount=48">Post
by David Murray</a>, Two Plus Two Poker Forums web site, July 12, 2009. } {
Event information: <a
href="https://www.irlchess.com/irlch2009_allfiles/pairings_irlch2009.html">Tournament
report</a>. }

1. d4 Nf6 2. c4 g6 3. Nc3 d5 4. cxd5 Nxd5 5. e4 Nxc3 6. bxc3 Bg7 7. Be3 c5
8. Bc4 Nc6 9. Ne2 O-O 10. O-O Bg4 11. f3 Na5 12. Bd3 cxd4 13. cxd4 Be6 14.
Rc1 Bxa2 15. Qa4 Bb3 16. Qb4 b6 17. Rc3 Be6 18. Nf4 Bd7 19. Nd5 e6 20. Ne7+
Kh8 21. e5 h6 22. d5 exd5 23. Qh4 Kh7 24. Bg5 Re8 25. f4 Rxe7 26. Bxe7 Qe8
27. Ba6 Bc8 28. Bxc8 Rxc8 29. Rxc8 Qxc8 30. Qf2 Nc4 31. Rd1 Qe6 32. Bh4 Bf8
33. Qf3 d4 34. Bf2 Bc5 35. Bxd4 Qe7 36. Qd5 Ne3 37. Bxc5 bxc5 38. Qd7 Qxd7
39. Rxd7 Kg7 40. Rxa7 Nd5 41. g3 Kf8 42. Ra5 Ke7 43. Rxc5 Ke6 44. Kf2 f6
45. Rc6+ Kf7 46. Rd6 Nc3 47. Rxf6+ Kg7 48. Ra6 1-0